Image processing for computer graphics and vision / (Record no. 22331)
[ view plain ]
| 000 -LEADER | |
|---|---|
| fixed length control field | 01189cam a22003255a 4500 |
| 001 - CONTROL NUMBER | |
| control field | 15440231 |
| 005 - DATE AND TIME OF LATEST TRANSACTION | |
| control field | 20160907145742.0 |
| 008 - FIXED-LENGTH DATA ELEMENTS--GENERAL INFORMATION | |
| fixed length control field | 080905s2009 enka frb 001 0 eng d |
| 020 ## - INTERNATIONAL STANDARD BOOK NUMBER | |
| International Standard Book Number | 9781848001923 |
| 040 ## - CATALOGING SOURCE | |
| Original cataloging agency | DLC |
| Transcribing agency | DLC |
| Modifying agency | DLC |
| -- | EG-ScBUE |
| Language of cataloging | eng |
| 041 1# - LANGUAGE CODE | |
| Language code of text/sound track or separate title | eng |
| Language code of original and/or intermediate translations of text | por |
| 082 04 - DEWEY DECIMAL CLASSIFICATION NUMBER | |
| Classification number | 006.6 |
| Edition number | 22 |
| Item number | VEL |
| 100 1# - MAIN ENTRY--PERSONAL NAME | |
| Personal name | Velho, Luiz. |
| 245 10 - TITLE STATEMENT | |
| Title | Image processing for computer graphics and vision / |
| Statement of responsibility, etc | Luiz Velho , Alejandro C. Frery, Jonas Gomes ; [translated by Silvio Levy] |
| 250 ## - EDITION STATEMENT | |
| Edition statement | 2nd ed. |
| 260 ## - PUBLICATION, DISTRIBUTION, ETC. (IMPRINT) | |
| Place of publication, distribution, etc | London : |
| Name of publisher, distributor, etc | Springer-Verlag, |
| Date of publication, distribution, etc | 2009. |
| 300 ## - PHYSICAL DESCRIPTION | |
| Extent | xv, 463 p. : |
| Other physical details | ill. (some col.) ; |
| Dimensions | 24 cm. |
| 490 0# - Series Statement | |
| Series statement | Texts in computer science ; |
| Volume/sequential designation | 3191. |
| 500 ## - GENERAL NOTE | |
| General note | Rev. ed. of: Image processing for computer graphics / Jonas Gomes, Luiz Velho. c1997. |
| 500 ## - GENERAL NOTE | |
| General note | Index : p. 451-463. |
| 504 ## - BIBLIOGRAPHY, ETC. NOTE | |
| Bibliography, etc | Includes bibliographical references. |
| 546 ## - LANGUAGE NOTE | |
| Language note | Text in English ; translator from original Portuguese. |
| 650 #7 - SUBJECT ADDED ENTRY--TOPICAL TERM | |
| Topical term or geographic name as entry element | Computer graphics. |
| Source of heading or term | BUEsh |
| 9 (RLIN) | 3615 |
| 650 #7 - SUBJECT ADDED ENTRY--TOPICAL TERM | |
| Topical term or geographic name as entry element | Image processing |
| General subdivision | Digital techniques. |
| Source of heading or term | BUEsh |
| 9 (RLIN) | 4647 |
| 653 ## - INDEX TERM--UNCONTROLLED | |
| Resource For college | Informatics and Computer Science |
| Arrived date list | September2016 |
| 700 1# - ADDED ENTRY--PERSONAL NAME | |
| Personal name | Frery, Alejandro C. |
| 700 1# - ADDED ENTRY--PERSONAL NAME | |
| Personal name | Gomes, Jonas. |
| 700 1# - ADDED ENTRY--PERSONAL NAME | |
| Personal name | Levy, Silvio, |
| Relator term | translator. |
| 942 ## - ADDED ENTRY ELEMENTS (KOHA) | |
| Source of classification or shelving scheme | Dewey Decimal Classification |
| Withdrawn status | Item status | Source of classification or shelving scheme | Damaged status | Not for loan | Vendor | Home library | Current library | Shelving location | Date acquired | Source of acquisition | Cost, normal purchase price | Serial Enumeration / chronology | Total Checkouts | Full call number | Barcode | Date last seen | Cost, replacement price | Koha item type |
|---|---|---|---|---|---|---|---|---|---|---|---|---|---|---|---|---|---|---|
| Dewey Decimal Classification | Scientific home BookShop | Central Library | Central Library | Lower Floor | 07/09/2016 | Purchase | 625.00 | 2691 | 006.6 VEL | 000033574 | 15/07/2025 | 781.25 | Book - Borrowing |